| 000 | 01252nam a22002657a 4500 | ||
|---|---|---|---|
| 003 | AR-RoIUNI | ||
| 005 | 20210303103825.0 | ||
| 007 | ta | ||
| 008 | 170322s1963 ag |||||r|||| 00| 0 spa d | ||
| 040 |
_bSpa _cIUNIR _eAnglo |
||
| 041 | _aspa | ||
| 080 | _a159.9.072 | ||
| 100 | 1 |
_aPichot, Pierre, _d1918- |
|
| 245 | 1 | 4 |
_aLos test mentales / _cPierre Pichot ; presentación, supervisión y apéndices por Jaime Bernstein. |
| 250 | _a2a ed. | ||
| 260 |
_aBuenos Aires : _bPaidós, _c1963. |
||
| 300 |
_a194 p.; _c18 cm. |
||
| 490 | 0 |
_aBiblioteca del hombre contemporáneo ; _vvol. 30 |
|
| 504 | _aINCBIB | ||
| 505 | 0 | _aGeneralidades I. Definición -- II. Historia -- III. Cualidades de los test mentales -- IV. Clasificación -- V. El empleo de los test en psicología -- Los test de aptitudes y de conocimientos I. Test de inteligencia -- II. Los test de aptitud "Aprioristas" -- III. El análisis factorial de las aptitudes -- IV. Tests y baterias de aptitudes escolares y profesionales -- V. Los test de conocimientos -- Los test de personalidad I. Los cuestionarios -- II. Los test objetivos de personalidad -- III. Las técnicas proyectivas. | |
| 650 | 4 |
_aPSICOLOGÍA _9108 |
|
| 650 | 4 | _aTEST | |
| 700 | 1 | _aBernstein, Jaime. | |
| 942 |
_2cdu _cBK |
||
| 999 |
_c3481 _d3481 |
||